[Event "Piura op 7th"]
[Site "Piura"]
[Date "2013.09.21"]
[Round "5"]
[White "Chong Chinchay, Eric Joel"]
[Black "Yong Ayon, Even"]
[Result "1-0"]
[WhiteElo "2050"]
[BlackElo "1886"]
[PlyCount "79"]
[EventDate "2013.09.20"]
[EventType "swiss"]
[EventRounds "7"]
[EventCountry "PER"]
[SourceTitle "CBM 156 Extra"]
[Source "ChessBase"]
[SourceDate "2013.10.22"]
[SourceVersion "1"]
[SourceVersionDate "2013.10.22"]
[SourceQuality "1"]

1. e4 c6 2. d4 d5 3. exd5 cxd5 4. c4 Nf6 5. Nc3 Nc6 6. Bg5 Be6 7. Nge2 h6 8. Bxf6 exf6 9. Nf4 Bb4 10. Nxe6 fxe6 11. cxd5 Qxd5 12. a3 Qe4+ 13. Be2 Bxc3+ 14. bxc3 0-0 15. 0-0 Rac8 16. Re1 Qd5 17. Rb1 b6 18. Rb5 Qd6 19. Bc4 Rfe8 20. Qb3 Kf7 21. Bd3 g6 22. h4 h5 23. Qd1 f5 24. a4 Qf4 25. g3 Qd6 26. Qd2 Kg7 27. Qg5 Rh8 28. a5 Nd8 29. axb6 axb6 30. Reb1 Nf7 31. Qd2 Rc6 32. Bf1 Rhc8 33. R5b3 Qc7 34. Bg2 Rd6 35. Qf4 Qa7 36. Kh2 Qa5 37. Qe3 e5 38. d5 Rc5 39. Qe1 Kf6 40. Ra1 1-0

[Event "Piura op"]
[Site "Piura"]
[Date "2013.??.??"]
[Round "4"]
[White "Frias, Marco"]
[Black "Yong Ayon, Even"]
[Result "1-0"]
[WhiteElo "2077"]
[BlackElo "1893"]
[PlyCount "92"]
[EventDate "2013.08.12"]
[EventType "swiss"]
[EventRounds "8"]
[EventCountry "PER"]
[SourceTitle "CBM 155 Extra"]
[Source "ChessBase"]
[SourceDate "2013.08.26"]
[SourceVersion "1"]
[SourceVersionDate "2013.08.26"]
[SourceQuality "1"]

1. Nf3 d5 2. d4 Nf6 3. c4 c6 4. Nc3 e6 5. e3 Be7 6. Bd3 dxc4 7. Bxc4 b5 8. Bd3 Bb7 9. 0-0 0-0 10. Qe2 a6 11. Rd1 Qc7 12. e4 Nbd7 13. Bg5 Rfe8 14. Rac1 Bf8 15. e5 Nd5 16. Qe4 g6 17. Nxd5 exd5 18. Qh4 Bg7 19. Re1 Nf8 20. Bb1 Qd7 21. Nd2 a5 22. Rc3 f5 23. Nf3 Rac8 24. Rec1 Ne6 25. Bh6 Qe7 26. Bg5 Qf7 27. Bd2 Qe7 28. Qxe7 Rxe7 29. Bd3 Ra8 30. Ra3 Ree8 31. Bxa5 Rxa5 32. Rxa5 Ra8 33. b4 Bh6 34. Rc2 Kf8 35. g3 Ke8 36. a3 Kd7 37. Bf1 Bf8 38. Rd2 Bh6 39. Rd1 Bf8 40. Ne1 Ng5 41. f3 h6 42. Kf2 Ne6 43. h4 h5 44. Bh3 Be7 45. Ng2 Rf8 46. Rd3 Rh8 1-0